Técnica y práctica de espectroscopia

Bibliographic Details
Main Authors: Zaidel, A. N., Ostrovskaya, G. V., Ostrovski, Yu
Format: Section = Libro
Language:Undetermined
Spanish
Published: Moscú Mir Moscú 1979
Subjects:
LEADER 00535nam a2200205Ia 4500
008 240830s9999 xx 000 0 und d
040 |a CEDOC FIQ-RUSB / 535.84 Z21 
041 |a spa 
082 |a 535.84 Z21 
100 1 |a Zaidel, A. N. 
100 1 |b Ostrovskaya, G. V. 
100 1 |c Ostrovski, Yu 
245 1 0 |a Técnica y práctica de espectroscopia 
260 |a Moscú  |b Mir Moscú  |c 1979 
300 |a 551 p. : il 
650 7 |a ANALISIS ESPECTRAL 
650 7 |b  ANALISIS INSTRUMENTAL 
942 |c BK  |2 ddc 
991 |a TEXTO 
999 |c 13098